[Event "DEN-ch G7-2"]
[Site "Skorping"]
[Date "2017.04.15"]
[Round "5"]
[White "Gottschalck, Christian"]
[Black "Johansen, Kjeld"]
[Result "0-1"]
[WhiteElo "1725"]
[BlackElo "1757"]
[PlyCount "44"]
[EventDate "2017.04.11"]
[EventType "swiss"]
[EventRounds "7"]
[EventCountry "DEN"]
[SourceTitle "EXT 2021"]
[Source "ChessBase"]
[SourceDate "2020.10.23"]
[SourceVersion "1"]
[SourceVersionDate "2020.10.23"]
[SourceQuality "1"]

1. e4 c5 2. c3 d6 3. d4 cxd4 4. cxd4 Nf6 5. Nc3 g6 6. Be2 Bg7 7. Nf3 0-0 8. h3 a6 9. Be3 b5 10. e5 Ne8 11. 0-0 Bb7 12. a3 Nd7 13. Bf4 Qb6 14. Rc1 Rd8 15. Re1 dxe5 16. Be3 Bxf3 17. Bxf3 exd4 18. Nd5 Qd6 19. Bg5 Ne5 20. Nxe7+ Kh8 21. Bd5 f6 22. Rxe5 Qxe5 0-1

[Event "DEN-ch G7-2"]
[Site "Skorping"]
[Date "2017.04.13"]
[Round "3"]
[White "Moller, Birger Poul"]
[Black "Johansen, Kjeld"]
[Result "1-0"]
[WhiteElo "1835"]
[BlackElo "1757"]
[PlyCount "71"]
[EventDate "2017.04.11"]
[EventType "swiss"]
[EventRounds "7"]
[EventCountry "DEN"]
[SourceTitle "EXT 2021"]
[Source "ChessBase"]
[SourceDate "2020.10.23"]
[SourceVersion "1"]
[SourceVersionDate "2020.10.23"]
[SourceQuality "1"]

1. e4 c5 2. Nf3 Nc6 3. Nc3 g6 4. d4 cxd4 5. Nxd4 Bg7 6. Be3 d6 7. Be2 Nf6 8. 0-0 0-0 9. Nb3 a6 10. f4 b5 11. Bf3 Bb7 12. a3 Rc8 13. Qe2 Qc7 14. Qf2 e6 15. Rad1 Ne8 16. Rd2 f5 17. Rfd1 fxe4 18. Nxe4 d5 19. Nec5 Qf7 20. Nxe6 Ne7 21. Nxf8 Bxf8 22. Nd4 Nf6 23. c3 Rc4 24. Qh4 Nc8 25. f5 Nd6 26. Bg5 Nxf5 27. Qh3 Nxd4 28. cxd4 Ne4 29. Bxe4 dxe4 30. Rf2 Qd5 31. Be3 b4 32. Rdf1 Bg7 33. Rf7 Bc8 34. Rxg7+ Kxg7 35. Qh6+ Kh8 36. Rf8+ 1-0

[Event "DEN-ch G7-2"]
[Site "Skorping"]
[Date "2017.04.11"]
[Round "1"]
[White "Larsen, Henning"]
[Black "Johansen, Kjeld"]
[Result "1/2-1/2"]
[WhiteElo "1934"]
[BlackElo "1757"]
[PlyCount "25"]
[EventDate "2017.04.11"]
[EventType "swiss"]
[EventRounds "7"]
[EventCountry "DEN"]
[SourceTitle "EXT 2021"]
[Source "ChessBase"]
[SourceDate "2020.10.23"]
[SourceVersion "1"]
[SourceVersionDate "2020.10.23"]
[SourceQuality "1"]

1. e4 c5 2. Nf3 Nc6 3. d4 cxd4 4. Nxd4 Nf6 5. Nc3 d6 6. Bc4 Qb6 7. Ndb5 a6 8. Be3 Qa5 9. Nd4 Ne5 10. Nb3 Qd8 11. Be2 b5 12. Bd4 Ned7 13. Bf3 1/2-1/2

[Event "DEN-ch G7-B"]
[Site "Skorping"]
[Date "2014.04.18"]
[Round "4"]
[White "Petersen, Bjarne"]
[Black "Johansen, Kjeld"]
[Result "1/2-1/2"]
[WhiteElo "1657"]
[BlackElo "1580"]
[PlyCount "77"]
[EventDate "2014.04.15"]
[EventType "swiss"]
[EventRounds "7"]
[EventCountry "DEN"]
[SourceTitle "EXT 2023"]
[Source "ChessBase"]
[SourceDate "2022.10.05"]
[SourceVersion "1"]
[SourceVersionDate "2022.10.05"]
[SourceQuality "1"]

1. g3 d5 2. Bg2 c5 3. c4 Nf6 4. cxd5 Nxd5 5. Nc3 Nb6 6. d3 Nc6 7. Nf3 g6 8. 0-0 Bg7 9. Bf4 0-0 10. a4 h6 11. h4 e5 12. Be3 Nd4 13. Ne4 Qe7 14. Rc1 Nd7 15. Nxd4 cxd4 16. Bd2 Nf6 17. Nxf6+ Bxf6 18. Bxh6 Re8 19. Qd2 Be6 20. Bg5 Rab8 21. Bxf6 Qxf6 22. Rc7 Re7 23. Rfc1 a6 24. Qb4 Rxc7 25. Rxc7 b5 26. Re7 Kg7 27. Rb7 Rc8 28. f3 g5 29. Qe7 gxh4 30. Qxf6+ Kxf6 31. axb5 axb5 32. gxh4 Rc2 33. Kf2 Rxb2 34. Rb6 Kg7 35. h5 b4 36. h6+ Kh7 37. f4 Bf5 38. Kf3 exf4 39. Kxf4 1/2-1/2